01640nam a2200229 a 450000500170000000800410001702000150005804100080007309200170008110000210009824500430011925000400016226000370020230000110023950000830025050507580033359000610109165500210115294200130117399900150118695202090120120241023134621.0100630t2004||||sp |||g p 1p0dspa d a8466616209 aspa c808l74sRIC1 aRice, Anne93942 aEntrevista con el vampiro /cAnne Rice a1a ed.bTraducción Marcelo Covian aBarcelona: bEdiciones B;c2004. a463 p. aRice, A. (2004). Entrevista con el vampiro. (1a ed.). Barcelona : Ediciones B. aPrimera novela de una emocionante trilogía, Entrevista con el vampiro narra la conversión de un joven de Nueva Orleans en eterno habitante de la noche. El personaje tiene un poderoso motivo para convertirse en un ser maldito: el sentimiento de culpabilidad por la muerte de su hermano menor. Pero desde el comienzo de su vida sobrenatural los sentimientos más humano salen a su paso, en especial el amor, no exento de dependencia psicológica y sexual, por una de sus jóvenes victimas. Una novela de inusitado horror, producto de una pluma magistral. Anne Rice es autora, entre otras novelas de tres famosas series: Crónicas Vampíricas, a la que pertenece, entre otros, este título; las brujas de Mayfair, y Nuevas historias de vampiros.  aProyecto 4to Libro. Donación Victoria Lara, Mayo 2018. aLiteratura92917 2lcccLIT c2796d2796 00102ddc4070aBFMbBFMcCRd2018-05-28eDonación Victoria Lara, mayo 2018l4o808 74 RICp4289r2020-03-13s2019-12-17tEj. 1w2018-05-28yLITzProyecto 4to libro. Donación Victoria Lara, mayo 2018